| 000 | 00889nam a22002417a 4500 | ||
|---|---|---|---|
| 008 | 090127t xxu||||| |||| 00| 0 eng d | ||
| 010 | _aENG-92605 | ||
| 020 | _c125.00 | ||
| 035 | _aEN-76138 | ||
| 037 | _bDBAD / PUB | ||
| 040 |
_adpl _bEnglish |
||
| 082 | _a821 | ||
| 100 | _aAbhilash Das | ||
| 245 |
_aKabir Amrit Vani: _cby Abhilash Das; translated by Lakhi N. Paryani _b(nectareal voice of Kabir) / |
||
| 260 |
_aAllahabad _bKabirParakh Sansthan _c2005 |
||
| 270 |
_aSant Kabir Marg, Pritam Nagar, _bAllahabad` _e211001 |
||
| 300 |
_a327p. _c22cm (Hb) |
||
| 600 | _aKabir, 15th cent. | ||
| 650 |
_aReligious poetry, Hindi _xTranslation into English. |
||
| 700 | _aLakhi N. Paryani | ||
| 942 |
_2ddc _cEN _mABH _h821 |
||
| 999 |
_c22423 _d22423 |
||